| 000 | 00420nam a2200169Ia 4500 | ||
|---|---|---|---|
| 008 | 121114t1999 xxu||||| |||| 00| 0 sin d | ||
| 041 | _asin | ||
| 080 |
_aX8S31 _bWIJ |
||
| 100 | _aWijayaratne Menike, Anula | ||
| 245 | _aවපසරිය | ||
| 246 | _aWapasariya | ||
| 260 |
_bSara Publishers _aKottawa _c1999 |
||
| 300 | _a224p., 18 cm | ||
| 942 | _cBK | ||
| 999 |
_c71516 _d71516 |
||
| 003 | LK-CoDNM | ||
| 040 |
_aLK-CoDNM _dLK-CoDNM _eLK-CoDNM |
||